000 00410nam a2200133Ia 4500
008 100328s9999 xx 000 0 und d
082 _b31755
100 _aनाडकर्णी ज्ञानेश्वर
245 _aविलायती वारी
260 _bमनिषा
630 _aविलायती वारी
730 _aविलायती वारी
942 _cBOOK
999 _c522579
_d522576